00304nam a2200121Ia 4500008004100000041000800041082000800049100002200057245004200079260003200121300000800153520002100161221007s9999 xx 000 0 und d aeng bSHI aShinde S (2k3139) aBrand Tracking of Johnson's Baby Soap c2005bPune UniversityaPune a50p aDr. Surya Ramdas